Einführung in das Programmieren in LISP Mit einem Anhand LISP - Dialekte für Personal-Computer
Gespeichert in:
| 1. Verfasser: | |
|---|---|
| Format: | Buch |
| Sprache: | Deutsch |
| Veröffentlicht: |
Berlin
Gruyter
1985
|
| Ausgabe: | 2. bearb. und erweit. Aufl. |
| Tags: |
Keine Tags, Fügen Sie das erste Tag hinzu!
|
MARC
| LEADER | 00000nam a2200000 4500 | ||
|---|---|---|---|
| 001 | c036601 | ||
| 005 | 20221220075306.3 | ||
| 041 | 0 | |a ger | |
| 044 | |a DE | ||
| 245 | 1 | 0 | |a Einführung in das Programmieren in LISP |b Mit einem Anhand LISP - Dialekte für Personal-Computer |c Christian-Michael Hamann |
| 250 | |a 2. bearb. und erweit. Aufl. | ||
| 264 | 1 | |a Berlin |b Gruyter |c 1985 | |
| 300 | |a 343 s. | ||
| 100 | 1 | |a Hamann, Christian-Michael | |